Populous divisions in Singapore - Statistics

General Stats
  • This quiz has been taken 200 times
    85 since last reset
  • The average score is 22 of 34
Answer Stats
Population Commune % Correct
84,580 Jurong East
89%
155,710 Ang Mo Kio
85%
258,030 Woodlands
85%
256,520 Jurong West
84%
215,570 Punggol
84%
259,210 Tampines
84%
227,940 Yishun
81%
273,140 Sengkang
79%
119,780 Toa Payoh
78%
268,400 Bedok
77%
1,450 Changi
77%
230,010 Hougang
77%
152,120 Pasir Ris
77%
117,680 Sembawang
75%
85,190 Bishan
74%
164,110 Bukit Batok
73%
198,010 Choa Chu Kang
73%
106,310 Geylang
73%
92,300 Clementi
71%
101,420 Kallang
70%
137,820 Bukit Panjang
66%
79,480 Bukit Timah
66%
94,270 Queenstown
64%
114,610 Serangoon
63%
150,070 Bukit Merah
56%
44,750 Marine Parade
53%
50,850 Novena
52%
16,930 Outram
44%
9,040 Newton
41%
2,790 Downtown Core
36%
12,450 Rochor
34%
3,580 Singapore River
32%
10,530 River Valley
29%
23,060 Tanglin
29%
No matching quizzes found
Score Distribution
Percent of People with Each Score
Percentile by Number Answered
Your Score History
You have not taken this quiz since the last reset